[Event "Unterfränkische"]
[Site "?"]
[Date "2014.04.22"]
[Round "3.1"]
[White "Englert, Fabian"]
[Black "Savina, Anastasia"]
[Result "1/2-1/2"]
[WhiteElo "2310"]
[BlackElo "2394"]
[PlyCount "149"]
[EventDate "2014.??.??"]

1. d4 {[%clk 1:59:57]} 1... Nf6 {[%clk 1:59:39]} 2. Nf3 {[%clk 1:59:50]} 2...
g6 {[%clk 1:58:38]} 3. c4 {[%clk 1:59:44]} 3... c5 {[%clk 1:57:26]} 4. d5 {
[%clk 1:58:31]} 4... b5 {[%clk 1:56:52]} 5. cxb5 {[%clk 1:55:54]} 5... a6 {
[%clk 1:56:47]} 6. bxa6 {[%clk 1:55:49]} 6... Bg7 {[%clk 1:56:14]} 7. Nc3 {
[%clk 1:55:40]} 7... Bxa6 {[%clk 1:54:39]} 8. e4 {[%clk 1:55:05]} 8... Bxf1 {
[%clk 1:54:30]} 9. Kxf1 {[%clk 1:55:03]} 9... d6 {[%clk 1:53:56]} 10. g3 {
[%clk 1:54:35]} 10... Nbd7 {[%clk 1:53:36]} 11. Kg2 {[%clk 1:54:26]} 11... O-O
{[%clk 1:53:26]} 12. a4 {[%clk 1:54:03]} 12... Ng4 {[%clk 1:33:16]} 13. Qe2 {
[%clk 1:47:17]} 13... Nge5 {[%clk 1:05:05]} 14. Nd2 {[%clk 1:46:53]} 14... Nb8
{[%clk 1:03:09]} 15. f4 {[%clk 1:38:53]} 15... Ned7 {[%clk 1:02:32]} 16. Nf3 {
[%clk 1:37:14]} 16... e6 {[%clk 0:49:11]} 17. dxe6 {[%clk 1:29:48]} 17... fxe6
{[%clk 0:48:33]} 18. Rd1 {[%clk 1:17:17]} 18... Qe7 {[%clk 0:34:34]} 19. Nb5 {
[%clk 1:16:02]} 19... Ra6 {[%clk 0:32:24]} 20. Ra3 {[%clk 1:14:53]} 20... Nf6 {
[%clk 0:27:52]} 21. Rad3 {[%clk 0:48:44]} 21... Rxa4 {[%clk 0:18:39]} 22. Nxd6
{[%clk 0:48:36]} 22... Nc6 {[%clk 0:18:28]} 23. b3 {[%clk 0:47:32]} 23... Ra1 {
[%clk 0:17:18]} 24. Be3 {[%clk 0:46:09]} 24... Rxd1 {[%clk 0:16:47]} 25. Rxd1 {
[%clk 0:45:33]} 25... Nd7 {[%clk 0:13:01]} 26. e5 {[%clk 0:33:02]} 26... Nb4 {
[%clk 0:12:07]} 27. Qc4 {[%clk 0:30:46]} 27... Nd5 {[%clk 0:05:16]} 28. Bxc5 {
[%clk 0:29:38]} 28... Nxc5 {[%clk 0:02:54]} 29. Qxc5 {[%clk 0:28:38]} 29... h6
{[%clk 0:02:29]} 30. Ra1 {[%clk 0:24:55]} 30... g5 {[%clk 0:00:38]} 31. Ra7 {
[%clk 0:24:05]} 31... Qd8 {[%clk 0:00:37]} 32. Nd4 {[%clk 0:22:07]} 32... Bxe5
{[%clk 0:00:09]} 33. Nxe6 {[%clk 0:12:23]} 33... Qxd6 {[%clk 0:00:09]} 34. Qxd6
{[%clk 0:11:51]} 34... Bxd6 {[%clk 0:00:08]} 35. Rd7 {[%clk 0:10:24]} 35...
Ne3+ {[%clk 0:00:07]} 36. Kf3 {[%clk 0:09:53]} 36... gxf4 {[%clk 0:00:07]} 37.
Nxf8 {[%clk 0:06:08]} 37... Bxf8 {[%clk 0:00:06]} 38. Kxf4 {[%clk 0:03:43]}
38... Nc2 {[%clk 0:00:05]} 39. Kf5 {[%clk 0:03:42]} 39... Ne3+ {[%clk 0:00:04]}
40. Ke6 {[%clk 0:00:33]} 40... Nf1 {[%clk 0:00:03]} 41. Rd8 {[%clk 0:58:02]}
41... Kg7 {[%clk 0:57:33]} 42. Rd7+ {[%clk 0:45:52]} 42... Kg8 {[%clk 0:57:14]}
43. Rd4 {[%clk 0:45:33]} 43... Nxh2 {[%clk 0:54:12]} 44. Rf4 {[%clk 0:44:38]}
44... Kg7 {[%clk 0:49:46]} 45. g4 {[%clk 0:33:11]} 45... Bc5 {[%clk 0:45:34]}
46. Kf5 {[%clk 0:32:42]} 46... Be3 {[%clk 0:42:42]} 47. Rc4 {[%clk 0:32:01]}
47... Nf1 {[%clk 0:40:30]} 48. Rc7+ {[%clk 0:28:50]} 48... Kf8 {[%clk 0:38:04]}
49. Ke6 {[%clk 0:24:55]} 49... Nh2 {[%clk 0:31:46]} 50. Rc4 {[%clk 0:24:26]}
50... Kg7 {[%clk 0:29:28]} 51. Re4 {[%clk 0:22:43]} 51... Nf1 {[%clk 0:27:51]}
52. b4 {[%clk 0:21:46]} 52... Kg6 {[%clk 0:27:00]} 53. b5 {[%clk 0:21:19]}
53... Bb6 {[%clk 0:25:35]} 54. Kd5 {[%clk 0:16:56]} 54... Kg5 {[%clk 0:23:03]}
55. Kc6 {[%clk 0:16:39]} 55... Be3 {[%clk 0:16:15]} 56. Kd7 {[%clk 0:12:21]}
56... Ba7 {[%clk 0:13:07]} 57. Ra4 {[%clk 0:11:20]} 57... Be3 {[%clk 0:11:58]}
58. Ra3 {[%clk 0:10:40]} 58... Bd4 {[%clk 0:11:21]} 59. Kc6 {[%clk 0:06:59]}
59... Nh2 {[%clk 0:08:30]} 60. Ra5 {[%clk 0:05:55]} 60... Nxg4 {[%clk 0:05:44]}
61. b6+ {[%clk 0:05:31]} 61... Ne5+ {[%clk 0:05:33]} 62. Kd6 {[%clk 0:04:30]}
62... Bxb6 {[%clk 0:04:28]} 63. Rxe5+ {[%clk 0:04:28]} 63... Kg4 {
[%clk 0:04:08]} 64. Kd5 {[%clk 0:04:26]} 64... h5 {[%clk 0:04:00]} 65. Ke4 {
[%clk 0:04:23]} 65... h4 {[%clk 0:03:45]} 66. Re8 {[%clk 0:04:16]} 66... Bf2 {
[%clk 0:03:41]} 67. Rg8+ {[%clk 0:04:11]} 67... Kh3 {[%clk 0:03:40]} 68. Kf3 {
[%clk 0:04:09]} 68... Bg3 {[%clk 0:03:38]} 69. Ra8 {[%clk 0:04:00]} 69... Kh2 {
[%clk 0:03:31]} 70. Ra2+ {[%clk 0:03:57]} 70... Kh3 {[%clk 0:03:21]} 71. Rg2 {
[%clk 0:03:54]} 71... Bh2 {[%clk 0:03:09]} 72. Rb2 {[%clk 0:03:12]} 72... Bg3 {
[%clk 0:03:07]} 73. Rb3 {[%clk 0:03:10]} 73... Bh2 {[%clk 0:03:00]} 74. Kf2+ {
[%clk 0:03:02]} 74... Bg3+ {[%clk 0:03:00]} 75. Kf3 1/2-1/2

[Event "Unterfränkische"]
[Site "?"]
[Date "2014.04.22"]
[Round "3.2"]
[White "Kunz, Konstantin"]
[Black "Kuhn, Tobias"]
[Result "1/2-1/2"]
[WhiteElo "2198"]
[BlackElo "2225"]
[PlyCount "74"]
[EventDate "2014.??.??"]

1. d4 {[%clk 1:59:54]} 1... Nf6 {[%clk 1:59:43]} 2. Nf3 {[%clk 1:59:18]} 2...
g6 {[%clk 1:59:19]} 3. c4 {[%clk 1:57:11]} 3... c5 {[%clk 1:57:51]} 4. Nc3 {
[%clk 1:55:04]} 4... cxd4 {[%clk 1:56:57]} 5. Nxd4 {[%clk 1:55:00]} 5... Bg7 {
[%clk 1:54:39]} 6. e4 {[%clk 1:54:37]} 6... d6 {[%clk 1:53:12]} 7. f3 {
[%clk 1:50:55]} 7... Nc6 {[%clk 1:51:36]} 8. Nc2 {[%clk 1:50:44]} 8... O-O {
[%clk 1:51:26]} 9. Rb1 {[%clk 1:50:09]} 9... a6 {[%clk 1:47:30]} 10. Be2 {
[%clk 1:38:58]} 10... Ne5 {[%clk 1:37:59]} 11. f4 {[%clk 1:28:51]} 11... Nc6 {
[%clk 1:37:28]} 12. Be3 {[%clk 1:25:18]} 12... Qc7 {[%clk 1:35:39]} 13. O-O {
[%clk 1:23:39]} 13... Na5 {[%clk 1:29:39]} 14. Na3 {[%clk 1:01:27]} 14... Be6 {
[%clk 1:26:32]} 15. Qd3 {[%clk 0:57:42]} 15... Rfc8 {[%clk 1:13:47]} 16. Nd5 {
[%clk 0:50:27]} 16... Bxd5 {[%clk 1:12:19]} 17. cxd5 {[%clk 0:44:27]} 17... b5
{[%clk 1:09:18]} 18. Rfc1 {[%clk 0:44:08]} 18... Qd8 {[%clk 1:05:16]} 19. b4 {
[%clk 0:43:35]} 19... Nb7 {[%clk 0:56:32]} 20. Nc2 {[%clk 0:43:19]} 20... e6 {
[%clk 0:54:45]} 21. dxe6 fxe6 {[%clk 0:54:37]} 22. Nd4 {[%clk 0:36:06]} 22...
Qd7 {[%clk 0:52:34]} 23. f5 {[%clk 0:34:53]} 23... Nd8 {[%clk 0:51:00]} 24. Bf3
{[%clk 0:26:42]} 24... Rxc1+ {[%clk 0:42:15]} 25. Rxc1 {[%clk 0:26:36]} 25...
Rc8 {[%clk 0:42:12]} 26. Rxc8 {[%clk 0:24:31]} 26... Qxc8 {[%clk 0:40:57]} 27.
fxe6 {[%clk 0:20:22]} 27... Nxe6 {[%clk 0:40:42]} 28. Qb3 {[%clk 0:19:02]}
28... Kf7 {[%clk 0:38:39]} 29. e5 {[%clk 0:13:06]} 29... dxe5 {[%clk 0:36:27]}
30. Bb7 {[%clk 0:10:33]} 30... Qc4 {[%clk 0:30:31]} 31. Nxe6 {[%clk 0:09:56]}
31... Kxe6 {[%clk 0:29:02]} 32. Bxa6 {[%clk 0:07:50]} 32... Qxb3 {
[%clk 0:27:41]} 33. axb3 {[%clk 0:07:47]} 33... Nd5 {[%clk 0:27:25]} 34. Bc5 {
[%clk 0:07:11]} 34... Nc3 {[%clk 0:26:14]} 35. Bc8+ {[%clk 0:05:34]} 35... Kd5
{[%clk 0:24:00]} 36. Bb7+ {[%clk 0:05:31]} 36... Ke6 {[%clk 0:23:55]} 37. Bc8+
{[%clk 0:04:47]} 37... Kd5 1/2-1/2

[Event "Unterfränkische"]
[Site "?"]
[Date "2014.04.22"]
[Round "3.3"]
[White "Wurm, Alexander"]
[Black "Kuhn, Norbert"]
[Result "1-0"]
[WhiteElo "2094"]
[BlackElo "2161"]
[PlyCount "80"]
[EventDate "2014.??.??"]

1. d4 {[%clk 1:59:57]} 1... d5 {[%clk 1:49:09]} 2. c4 {[%clk 1:59:43]} 2... e6
{[%clk 1:41:49]} 3. Nc3 {[%clk 1:59:15]} 3... Nf6 {[%clk 1:41:41]} 4. cxd5 {
[%clk 1:58:54]} 4... exd5 {[%clk 1:41:34]} 5. Bg5 {[%clk 1:58:44]} 5... c6 {
[%clk 1:41:07]} 6. Qc2 {[%clk 1:57:39]} 6... Be7 {[%clk 1:36:11]} 7. e3 {
[%clk 1:57:19]} 7... Bg4 {[%clk 1:32:03]} 8. Bd3 {[%clk 1:55:47]} 8... Bh5 {
[%clk 1:31:19]} 9. Nge2 {[%clk 1:44:35]} 9... Bg6 {[%clk 1:30:35]} 10. Bxg6 {
[%clk 1:43:13]} 10... hxg6 {[%clk 1:30:20]} 11. O-O-O {[%clk 1:35:16]} 11...
Nbd7 {[%clk 1:27:22]} 12. f3 {[%clk 1:15:28]} 12... Nf8 {[%clk 1:16:31]} 13. e4
{[%clk 1:08:35]} 13... Ne6 {[%clk 1:15:53]} 14. Bxf6 {[%clk 1:03:31]} 14...
Bxf6 {[%clk 1:13:34]} 15. e5 {[%clk 1:03:00]} 15... Bg5+ {[%clk 1:09:57]} 16.
Kb1 {[%clk 1:02:46]} 16... Qd7 {[%clk 1:09:06]} 17. g3 {[%clk 0:59:51]} 17...
O-O-O {[%clk 1:06:20]} 18. f4 {[%clk 0:54:03]} 18... Be7 {[%clk 1:03:16]} 19.
h4 {[%clk 0:48:56]} 19... Nf8 {[%clk 0:56:15]} 20. Rhf1 {[%clk 0:34:03]} 20...
Qf5 {[%clk 0:48:58]} 21. Rd3 {[%clk 0:31:02]} 21... Ne6 {[%clk 0:39:45]} 22.
Nd1 {[%clk 0:28:10]} 22... Nc7 {[%clk 0:32:47]} 23. Ne3 {[%clk 0:27:25]} 23...
Qd7 {[%clk 0:32:15]} 24. Qa4 {[%clk 0:20:39]} 24... Kb8 {[%clk 0:30:39]} 25.
Rc1 {[%clk 0:19:12]} 25... f6 {[%clk 0:28:48]} 26. Qc2 {[%clk 0:14:50]} 26...
Rh6 {[%clk 0:27:29]} 27. Rb3 {[%clk 0:12:35]} 27... Rf8 {[%clk 0:14:25]} 28.
Qxc6 {[%clk 0:09:17]} 28... Qxc6 {[%clk 0:13:38]} 29. Rxc6 {[%clk 0:09:15]}
29... Rh5 {[%clk 0:11:33]} 30. Rxc7 {[%clk 0:06:38]} 30... Kxc7 {[%clk 0:09:41]
} 31. Nxd5+ {[%clk 0:06:36]} 31... Kd8 {[%clk 0:09:25]} 32. Rxb7 {
[%clk 0:05:19]} 32... Re8 {[%clk 0:08:59]} 33. Rxa7 {[%clk 0:04:26]} 33... Bf8
{[%clk 0:07:34]} 34. Nec3 {[%clk 0:03:25]} 34... fxe5 {[%clk 0:06:51]} 35. dxe5
{[%clk 0:03:05]} 35... g5 {[%clk 0:06:37]} 36. hxg5 {[%clk 0:02:45]} 36... Bc5
{[%clk 0:05:17]} 37. Rxg7 {[%clk 0:02:27]} 37... Rh2 {[%clk 0:04:53]} 38. Ne4 {
[%clk 0:01:53]} 38... Bd4 {[%clk 0:04:25]} 39. Nef6 {[%clk 0:00:32]} 39... Reh8
{[%clk 0:03:07]} 40. Rd7+ {[%clk 0:00:02]} 40... Kc8 {[%clk 0:02:46]} 1-0

[Event "Unterfränkische"]
[Site "?"]
[Date "2014.04.22"]
[Round "3.4"]
[White "Ersoez, Can"]
[Black "Amtmann, Florian"]
[Result "1/2-1/2"]
[WhiteElo "2034"]
[BlackElo "2158"]
[PlyCount "53"]
[EventDate "2014.??.??"]

1. e4 {[%clk 1:59:55]} 1... c5 {[%clk 1:58:50]} 2. Nc3 {[%clk 1:59:46]} 2...
Nc6 {[%clk 1:56:41]} 3. f4 {[%clk 1:59:33]} 3... g6 {[%clk 1:55:48]} 4. Nf3 {
[%clk 1:59:25]} 4... Bg7 {[%clk 1:55:24]} 5. Bb5 {[%clk 1:59:02]} 5... Nd4 {
[%clk 1:49:03]} 6. O-O {[%clk 1:58:34]} 6... Nxb5 {[%clk 1:45:55]} 7. Nxb5 {
[%clk 1:58:25]} 7... a6 {[%clk 1:38:12]} 8. Nc3 {[%clk 1:58:15]} 8... e6 {
[%clk 1:30:51]} 9. d3 {[%clk 1:53:41]} 9... Ne7 {[%clk 1:23:44]} 10. Qe1 {
[%clk 1:52:29]} 10... d5 {[%clk 1:17:03]} 11. Qh4 {[%clk 1:40:04]} 11... d4 {
[%clk 1:12:15]} 12. Ne2 {[%clk 1:21:17]} 12... Nc6 {[%clk 1:05:32]} 13. Qxd8+ {
[%clk 1:15:07]} 13... Nxd8 {[%clk 1:01:24]} 14. Bd2 {[%clk 1:13:47]} 14... Nc6
{[%clk 0:59:04]} 15. Rae1 {[%clk 1:11:53]} 15... O-O {[%clk 0:58:00]} 16. g4 {
[%clk 1:04:29]} 16... f6 {[%clk 0:54:21]} 17. Ng3 {[%clk 1:01:34]} 17... e5 {
[%clk 0:49:53]} 18. f5 {[%clk 0:58:03]} 18... g5 {[%clk 0:48:37]} 19. a3 {
[%clk 0:45:42]} 19... b5 {[%clk 0:45:29]} 20. h4 {[%clk 0:41:46]} 20... h6 {
[%clk 0:45:15]} 21. Nh5 {[%clk 0:38:33]} 21... Ra7 {[%clk 0:41:29]} 22. Kg2 {
[%clk 0:38:16]} 22... a5 {[%clk 0:38:18]} 23. Rh1 {[%clk 0:35:42]} 23... c4 {
[%clk 0:35:40]} 24. hxg5 {[%clk 0:32:05]} 24... hxg5 {[%clk 0:35:11]} 25. Nxg7
{[%clk 0:31:25]} 25... Rxg7 {[%clk 0:34:21]} 26. Rh6 {[%clk 0:29:38]} 26... Bb7
{[%clk 0:31:29]} 27. Reh1 {[%clk 0:29:13]} 1/2-1/2

[Event "Unterfränkischen EM 2014"]
[Site "Wörth am Main"]
[Date "2014.04.22"]
[Round "3.5"]
[White "Pfarr, Michael"]
[Black "Basel, Matthias"]
[Result "0-1"]
[WhiteElo "2074"]
[BlackElo "2110"]
[PlyCount "80"]
[EventDate "2014.??.??"]

1. e4 d6 2. d4 Nf6 3. Bd3 g6 4. Nf3 Bg7 5. O-O O-O 6. Bg5 h6 7. Be3 e5 8. h3
Nc6 9. c3 a6 10. Nbd2 Re8 11. dxe5 dxe5 12. Qc2 Nh5 13. Rfd1 Qf6 14. Nh2 Nf4
15. Ndf1 Be6 16. Be2 h5 17. Bxf4 exf4 18. Nf3 Rad8 19. N1d2 g5 20. Nb3 g4 21.
Nfd4 Bc8 22. Nxc6 Qxc6 23. Rxd8 Rxd8 24. Rd1 Re8 25. f3 gxh3 26. Bf1 Qg6 27.
Qf2 hxg2 28. Bxg2 Bf6 29. Kh1 Re5 30. Rg1 Rg5 31. Nc1 Rg3 32. Bf1 Be5 33. Ne2
h4 34. Rg2 Qh5 35. Ng1 b6 36. Qd2 Qg5 37. Qf2 Kf8 38. Rh2 a5 39. Bh3 Bd6 40.
Bg2 Bc5 0-1

[Event "Unterfränkischen EM 2014"]
[Site "Wörth am Main"]
[Date "2014.04.22"]
[Round "3.6"]
[White "Hock, Gerold"]
[Black "Frey, Michael"]
[Result "1-0"]
[WhiteElo "2097"]
[BlackElo "2083"]
[PlyCount "109"]
[EventDate "2014.??.??"]

1. b3 d5 2. Bb2 Nc6 3. e3 Nf6 4. Nf3 Bg4 5. h3 Bxf3 6. Qxf3 a6 7. d4 e6 8. a3
Ne4 9. Bd3 f5 10. g4 Bd6 11. gxf5 O-O 12. Bxe4 dxe4 13. Qxe4 exf5 14. Qe6+ Rf7
15. Rg1 Qe8 16. Qxe8+ Rxe8 17. Nd2 Ne7 18. O-O-O c6 19. c4 Ng6 20. Kc2 b5 21.
a4 bxa4 22. bxa4 Rb7 23. Rb1 Rb4 24. Ra1 Bc7 25. Bc3 Rbb8 26. Rab1 Kf7 27. Kd3
Rbd8 28. Rb7 Re7 29. Bb4 Red7 30. Rb1 f4 31. Rxc7 Rxc7 32. Ba5 Rdd7 33. Bxc7
Rxc7 34. Rb6 c5 35. Rxa6 fxe3 36. fxe3 cxd4 37. Kxd4 Rd7+ 38. Kc3 Ne5 39. Nf1
Rd1 40. Nd2 Rc1+ 41. Kd4 Nd7 42. Ra7 Ke6 43. Ne4 Rd1+ 44. Kc3 h6 45. Ra6+ Ke5
46. Nd2 Rh1 47. Ra5+ Ke6 48. Rh5 Ne5 49. Kd4 Nf7 50. Rd5 Rxh3 51. a5 Rh1 52.
Nb3 Rd1+ 53. Kc5 Rxd5+ 54. cxd5+ Kd7 55. a6 1-0

[Event "Unterfränkischen EM 2014"]
[Site "Wörth am Main"]
[Date "2014.04.22"]
[Round "3.7"]
[White "Kwossek, Georg"]
[Black "Scholz, Stefan"]
[Result "1-0"]
[WhiteElo "2015"]
[BlackElo "2046"]
[PlyCount "89"]
[EventDate "2014.??.??"]

1. d4 Nf6 2. Nf3 g6 3. c4 Bg7 4. Nc3 O-O 5. e4 d6 6. Be2 e5 7. Be3 Ng4 8. Bg5
f6 9. Bh4 Nc6 10. d5 Ne7 11. Nd2 Nh6 12. O-O f5 13. f3 Bf6 14. Bf2 Kh8 15. c5
Rg8 16. cxd6 cxd6 17. Nc4 Nf7 18. Nb5 f4 19. Nxa7 h5 20. Nb5 g5 21. Bb6 Qd7 22.
Nc7 Rb8 23. Ne6 Ra8 24. Bf2 Ra6 25. Nb6 Qe8 26. Bxa6 bxa6 27. h3 Nh6 28. Nxc8
Nxc8 29. Kh1 g4 30. Rc1 Qg6 31. Rg1 Ne7 32. Qc2 Bg5 33. b4 Qf6 34. a4 Bh4 35.
Qd2 Bg3 36. Bxg3 fxg3 37. Rcf1 gxh3 38. gxh3 Nf7 39. f4 Qh4 40. Qg2 Nh6 41.
fxe5 dxe5 42. Rf8 Rxf8 43. Nxf8 Nf7 44. Qxg3 Qxe4+ 45. Rg2 1-0

[Event "Unterfränkischen EM 2014"]
[Site "Wörth am Main"]
[Date "2014.04.22"]
[Round "3.8"]
[White "Vogt, Thomas"]
[Black "Flach, Manuel"]
[Result "1-0"]
[WhiteElo "2023"]
[BlackElo "1908"]
[PlyCount "81"]
[EventDate "2014.??.??"]

1. d4 Nf6 2. Nf3 c5 3. e3 cxd4 4. exd4 d5 5. Bd3 Bg4 6. c3 e6 7. Qa4+ Nbd7 8.
Ne5 Be7 9. Nxg4 Nxg4 10. h3 Ngf6 11. Bf4 O-O 12. O-O a6 13. Qc2 b5 14. Nd2 h6
15. Nf3 Rc8 16. Qe2 Nb6 17. Ne5 Nc4 18. Rfe1 Bd6 19. Bg3 Qc7 20. Rac1 Nd7 21.
Bb1 Ndxe5 22. dxe5 Be7 23. h4 g6 24. Qc2 h5 25. Rcd1 b4 26. cxb4 Bxb4 27. Re2
Qb6 28. Qd3 Be7 29. Qf3 Nxb2 30. Rde1 Rc4 31. Bf4 Bxh4 32. g3 Be7 33. Kg2 Kg7
34. Rh1 Na4 35. Bd2 Qc7 36. Bd3 Rc6 37. g4 hxg4 38. Bh6+ Kg8 39. Qf4 Rd8 40.
Bg7 g5 41. Qf6 1-0

[Event "Unterfränkische"]
[Site "?"]
[Date "2014.04.22"]
[Round "3.5"]
[White "Helgert, Johannes"]
[Black "Chen, Jiaoji"]
[Result "1-0"]
[WhiteElo "1993"]
[BlackElo "1607"]
[PlyCount "93"]
[EventDate "2014.??.??"]

1. d4 {[%clk 1:59:53]} 1... Nf6 {[%clk 1:59:54]} 2. c4 {[%clk 1:59:44]} 2... e6
{[%clk 1:59:45]} 3. Nc3 {[%clk 1:59:35]} 3... Bb4 {[%clk 1:59:41]} 4. f3 {
[%clk 1:59:18]} 4... O-O {[%clk 1:59:34]} 5. a3 {[%clk 1:58:12]} 5... Bxc3+ {
[%clk 1:59:20]} 6. bxc3 {[%clk 1:58:09]} 6... c5 {[%clk 1:57:29]} 7. d5 {
[%clk 1:57:32]} 7... d6 {[%clk 1:54:03]} 8. e4 {[%clk 1:54:02]} 8... b6 {
[%clk 1:44:59]} 9. Bd3 {[%clk 1:52:53]} 9... Ba6 {[%clk 1:44:36]} 10. Ne2 {
[%clk 1:51:56]} 10... exd5 {[%clk 1:44:20]} 11. cxd5 {[%clk 1:51:26]} 11...
Bxd3 {[%clk 1:44:12]} 12. Qxd3 {[%clk 1:51:05]} 12... Nbd7 {[%clk 1:42:40]} 13.
c4 {[%clk 1:45:02]} 13... Ne5 {[%clk 1:39:58]} 14. Qc2 {[%clk 1:44:16]} 14...
Rb8 {[%clk 1:31:59]} 15. a4 {[%clk 1:39:37]} 15... Ne8 {[%clk 1:31:09]} 16. O-O
{[%clk 1:37:52]} 16... Nc7 {[%clk 1:30:51]} 17. f4 {[%clk 1:34:17]} 17... Ng6 {
[%clk 1:29:14]} 18. Bb2 {[%clk 1:22:22]} 18... Re8 {[%clk 1:27:41]} 19. Ng3 {
[%clk 1:18:05]} 19... a6 {[%clk 1:25:31]} 20. Rae1 {[%clk 1:10:57]} 20... b5 {
[%clk 1:22:51]} 21. axb5 {[%clk 0:54:17]} 21... axb5 {[%clk 1:22:43]} 22. f5 {
[%clk 0:37:14]} 22... Ne5 {[%clk 1:20:52]} 23. f6 {[%clk 0:35:54]} 23... bxc4 {
[%clk 1:07:29]} 24. Bxe5 {[%clk 0:29:33]} 24... Rxe5 {[%clk 1:06:31]} 25. fxg7
{[%clk 0:28:53]} 25... Qh4 {[%clk 0:38:53]} 26. Nf5 {[%clk 0:25:12]} 26... Rxf5
{[%clk 0:38:44]} 27. exf5 {[%clk 0:24:50]} 27... Qd4+ {[%clk 0:38:29]} 28. Kh1
{[%clk 0:22:22]} 28... Nxd5 {[%clk 0:16:17]} 29. Rd1 {[%clk 0:18:33]} 29... Ne3
{[%clk 0:15:46]} 30. Rxd4 {[%clk 0:18:03]} 30... Nxc2 {[%clk 0:15:45]} 31. Rxd6
{[%clk 0:17:04]} 31... Kxg7 {[%clk 0:15:37]} 32. h3 {[%clk 0:13:54]} 32... Ne3
{[%clk 0:15:12]} 33. f6+ {[%clk 0:12:58]} 33... Kh6 {[%clk 0:14:07]} 34. Rc1 {
[%clk 0:09:31]} 34... c3 {[%clk 0:09:47]} 35. Rd3 {[%clk 0:07:37]} 35... Nf5 {
[%clk 0:06:08]} 36. Rdxc3 {[%clk 0:06:52]} 36... Rb6 {[%clk 0:05:24]} 37. Rxc5
{[%clk 0:05:58]} 37... Rxf6 {[%clk 0:05:05]} 38. g4 {[%clk 0:04:47]} 38... Ng3+
{[%clk 0:04:26]} 39. Kg2 {[%clk 0:04:31]} 39... Ne4 {[%clk 0:04:17]} 40. Re5 {
[%clk 0:00:37]} 40... Re6 {[%clk 0:02:36]} 41. Rxe6+ {[%clk 0:59:50]} 41...
fxe6 {[%clk 1:02:30]} 42. Rc6 {[%clk 0:59:32]} 42... Kg7 {[%clk 0:58:40]} 43.
Rxe6 {[%clk 0:58:54]} 43... Ng5 {[%clk 0:58:17]} 44. Ra6 {[%clk 0:58:14]} 44...
h6 {[%clk 0:57:21]} 45. h4 {[%clk 0:57:07]} 45... Nf7 {[%clk 0:57:14]} 46. Kg3
{[%clk 0:56:52]} 46... Kg8 {[%clk 0:55:24]} 47. Kf4 1-0

[Event "Unterfränkische"]
[Site "?"]
[Date "2014.04.22"]
[Round "3.6"]
[White "Schandel, Dietmar"]
[Black "Markert, Markus"]
[Result "1/2-1/2"]
[WhiteElo "1853"]
[BlackElo "2019"]
[PlyCount "62"]
[EventDate "2014.??.??"]

1. e4 {[%clk 1:59:57]} 1... e6 {[%clk 1:59:52]} 2. d4 {[%clk 1:59:49]} 2... d5
{[%clk 1:59:46]} 3. exd5 {[%clk 1:59:39]} 3... exd5 {[%clk 1:59:39]} 4. Bd3 {
[%clk 1:59:20]} 4... Bd6 {[%clk 1:59:21]} 5. Ne2 {[%clk 1:58:32]} 5... Bg4 {
[%clk 1:58:18]} 6. Be3 {[%clk 1:44:09]} 6... Nf6 {[%clk 1:56:24]} 7. Nbc3 {
[%clk 1:41:55]} 7... c6 {[%clk 1:56:02]} 8. Qd2 {[%clk 1:41:01]} 8... O-O {
[%clk 1:50:59]} 9. f3 {[%clk 1:38:40]} 9... Be6 {[%clk 1:48:47]} 10. g4 {
[%clk 1:28:56]} 10... Nfd7 {[%clk 1:38:57]} 11. Bf4 {[%clk 1:22:40]} 11... Bxf4
{[%clk 1:35:24]} 12. Qxf4 {[%clk 1:19:13]} 12... b5 {[%clk 1:29:27]} 13. Ng3 {
[%clk 1:14:27]} 13... Re8 {[%clk 1:21:51]} 14. Kf2 {[%clk 1:12:14]} 14... a6 {
[%clk 1:17:08]} 15. g5 {[%clk 1:03:27]} 15... c5 {[%clk 1:14:57]} 16. dxc5 {
[%clk 0:52:51]} 16... Nxc5 {[%clk 1:13:15]} 17. Nh5 {[%clk 0:38:34]} 17...
Nxd3+ {[%clk 1:03:26]} 18. cxd3 {[%clk 0:38:30]} 18... Nd7 {[%clk 1:03:07]} 19.
Rhg1 {[%clk 0:35:13]} 19... Kh8 {[%clk 0:49:22]} 20. Rae1 {[%clk 0:20:59]}
20... Rc8 {[%clk 0:43:58]} 21. a3 {[%clk 0:20:20]} 21... a5 {[%clk 0:42:38]}
22. Qd4 {[%clk 0:18:38]} 22... Qb6 {[%clk 0:40:48]} 23. Qxb6 {[%clk 0:17:49]}
23... Nxb6 {[%clk 0:40:46]} 24. Nxb5 {[%clk 0:17:18]} 24... Rc2+ {
[%clk 0:31:55]} 25. Kg3 {[%clk 0:17:14]} 25... Rxb2 {[%clk 0:31:04]} 26. Rb1 {
[%clk 0:16:14]} 26... Na4 {[%clk 0:28:12]} 27. Nc7 {[%clk 0:12:50]} 27... Reb8
{[%clk 0:24:00]} 28. Rxb2 {[%clk 0:12:44]} 28... Rxb2 {[%clk 0:21:12]} 29. Nxe6
{[%clk 0:12:37]} 29... fxe6 {[%clk 0:21:00]} 30. Re1 {[%clk 0:09:22]} 30... Kg8
{[%clk 0:13:24]} 31. Rxe6 {[%clk 0:09:08]} 31... Nc3 {[%clk 0:09:37]} 1/2-1/2

[Event "Unterfränkischen EM 2014"]
[Site "Wörth am Main"]
[Date "2014.04.22"]
[Round "3.3"]
[White "Schneider, Jana"]
[Black "Hofstetter, Hans-Joachim"]
[Result "1-0"]
[WhiteElo "1766"]
[BlackElo "2179"]
[PlyCount "75"]
[EventDate "2014.??.??"]

1. e4 e5 2. Nf3 Nc6 3. Bc4 Nf6 4. d3 Bc5 5. c3 a6 6. Bb3 d6 7. Nbd2 O-O 8. O-O
Ba7 9. h3 Na5 10. Bc2 c5 11. Re1 b5 12. Nf1 h6 13. d4 cxd4 14. cxd4 Nc6 15. Be3
Qe7 16. dxe5 dxe5 17. Qe2 Nb4 18. Bb3 Bb7 19. a3 Nc6 20. Bxa7 Rxa7 21. Rad1
Raa8 22. Ne3 Na5 23. Nd5 Nxd5 24. Bxd5 Rac8 25. Bxb7 Nxb7 26. Rd5 f6 27. Nh4
Rfd8 28. Nf5 Qf8 29. Qd2 Kh7 30. b4 Rc7 31. Rc1 Rxd5 32. exd5 Rd7 33. d6 Qd8
34. Rc6 a5 35. Qc2 g6 36. Rc7 axb4 37. Rxd7+ Qxd7 38. Qc7 1-0

[Event "Unterfränkischen EM 2014"]
[Site "Wörth am Main"]
[Date "2014.04.22"]
[Round "3.4"]
[White "Müller, Lutz"]
[Black "Reitz, Helmut"]
[Result "1-0"]
[WhiteElo "2102"]
[BlackElo "1831"]
[PlyCount "37"]
[EventDate "2014.??.??"]

1. d4 Nf6 2. Nf3 e6 3. e3 b6 4. Bd3 Bb7 5. Nbd2 c5 6. O-O d5 7. b3 cxd4 8. exd4
Nbd7 9. Bb2 Bd6 10. Qe2 O-O 11. Ne5 Re8 12. f4 Nf8 13. Ndf3 N6d7 14. Nxd7 Nxd7
15. Ne5 Nf6 16. Rf3 Ne4 17. Rh3 f5 18. Qh5 Nf6 19. Qf7+ 1-0

[Event "Unterfränkischen EM 2014"]
[Site "Wörth am Main"]
[Date "2014.04.22"]
[Round "3.5"]
[White "Klüber, Werner"]
[Black "Kirchner, Michael"]
[Result "1/2-1/2"]
[WhiteElo "1937"]
[BlackElo "1973"]
[PlyCount "30"]
[EventDate "2014.??.??"]

1. d4 d6 2. Nf3 Bg4 3. Nbd2 Nd7 4. h3 Bh5 5. g4 Bg6 6. Bg2 Ngf6 7. Nh4 c6 8.
Nxg6 hxg6 9. c3 e5 10. Qb3 Qb6 11. Qxb6 Nxb6 12. e4 Be7 13. b3 Nfd7 14. Nf3 {=}
14... f6 15. Be3 Nf8 {=} 1/2-1/2

[Event "Unterfränkischen EM 2014"]
[Site "Wörth am Main"]
[Date "2014.04.22"]
[Round "3.6"]
[White "Nagel, Erwin"]
[Black "Scholz, Michael"]
[Result "0-1"]
[WhiteElo "1943"]
[BlackElo "1876"]
[PlyCount "72"]
[EventDate "2014.??.??"]

1. e4 d5 2. exd5 Qxd5 3. Nc3 Qa5 4. d4 Nf6 5. Bc4 Nc6 6. Nge2 Bg4 7. f3 Bf5 8.
Bd2 e6 9. Nd5 Bb4 10. Nxf6+ gxf6 11. c3 Be7 12. b4 Qb6 13. a4 a5 14. b5 Na7 15.
Bb3 O-O-O 16. c4 Rxd4 17. Nxd4 Qxd4 18. Ra2 Rd8 19. Qe2 Bb1 20. Qe3 Bxa2 21.
Qxd4 Rxd4 22. Bxa2 b6 23. Ke2 Kd7 24. Be3 Rh4 25. g4 Nc8 26. Bf2 Rh3 27. Bb1
Bd6 28. Be4 Ne7 29. Kf1 h5 30. Kg2 hxg4 31. fxg4 Rc3 32. Ra1 Rxc4 33. Bf3 Rc2
34. Kg1 Bxh2+ 35. Kxh2 Rxf2+ 36. Kg3 Rd2 0-1